MARC

LEADER 00000nam0a2200000 4500
001 107334
005 20231031115242.0
010 |a 525300243X 
035 |a (RuTPU)RU\TPU\book\115892 
035 |a RU\TPU\book\19724 
090 |a 107334 
100 |a 20061221d1991 km y0rusy50 ca 
101 0 |a rus 
102 |a RU 
105 |a a z 000zy 
200 1 |a Избранные сочинения и письма  |f П. Я. Чаадаев 
210 |a Москва  |c Правда  |d 1991 
215 |a 559 с.  |c ил. 
610 1 |a русская литература 
610 1 |a русская философия 
610 1 |a статьи 
610 1 |a Россия 
610 1 |a история 
610 1 |a письма 
675 |a Р1  |v 3 
700 1 |a Чаадаев  |b П. Я.  |g Петр Яковлевич 
801 0 |a RU  |b 63413507  |c 20011209  |g PSBO 
801 2 |a RU  |b 63413507  |c 20061221  |g PSBO 
942 |c BK